Loading...
History - World History | 4 | 1 | 3 | 0 | 55 | 20 | 48.80 | 3 | 5 |
History - Other History | 1 | 2 | 0 | 1 | 35 | 63 | 95.67 | 2 | 3 |
History - American History | 0 | 2 | 0 | 0 | 20 | 111 | 122.00 | 1 | 1 |
Philosophy | 0 | 1 | 0 | 0 | 10 | 113 | 113.00 | 0 | 0 |
History - Ancient History | 1 | 0 | 1 | 0 | 10 | 74 | 74.00 | 1 | 1 |
Fine Arts - Other Arts | 0 | 1 | 0 | 0 | 10 | 80 | 80.00 | 1 | 1 |
Beliefs | 0 | 1 | 1 | 1 | 5 | 149 | 149.00 | 0 | 0 |
Geography | 0 | 1 | 1 | 1 | 5 | 110 | 110.00 | 0 | 0 |
History - European History | 0 | 2 | 3 | 0 | 5 | 52 | 58.50 | 2 | 2 |
Science - Chemistry | 0 | 1 | 1 | 0 | 5 | 122 | 122.00 | 0 | 0 |
Social Science | 0 | 1 | 3 | 0 | -5 | 127 | 127.00 | 0 | 1 |
Science - Biology | 0 | 0 | 1 | 0 | -5 | 0.00 | 0 | 0 |